「と」から始まる市区町村 - Statistics

General Stats
  • This quiz has been taken 31 times
    7 since last reset
  • The average score is 61 of 74
Answer Stats
都道府県名 郡名 市町村名 % Correct
愛知県 東海市
100%
長野県 東御市
100%
沖縄県 島尻郡 渡嘉敷村
100%
徳島県 徳島市
100%
高知県 土佐市
100%
高知県 土佐清水市
100%
鹿児島県 鹿児島郡 十島村
100%
栃木県 栃木市
100%
鳥取県 鳥取市
100%
沖縄県 島尻郡 渡名喜村
100%
富山県 砺波市
100%
愛知県 海部郡 飛島村
100%
北海道 苫小牧市
100%
北海道 苫前郡 苫前町
100%
群馬県 富岡市
100%
富山県 富山市
100%
兵庫県 豊岡市
100%
愛知県 豊田市
100%
大阪府 豊中市
100%
愛知県 豊橋市
100%
三重県 員弁郡 東員町
86%
愛媛県 東温市
86%
茨城県 那珂郡 東海村
86%
千葉県 東金市
86%
北海道 虻田郡 洞爺湖町
86%
新潟県 十日町市
86%
岩手県 遠野市
86%
岐阜県 土岐市
86%
埼玉県 比企郡 ときがわ町
86%
長崎県 西彼杵郡 時津町
86%
高知県 土佐郡 土佐町
86%
東京都 特別区 豊島区
86%
東京都 島嶼部 利島村
86%
佐賀県 鳥栖市
86%
埼玉県 戸田市
86%
奈良県 吉野郡 十津川村
86%
三重県 鳥羽市
86%
岐阜県 加茂郡 富加町
86%
沖縄県 豊見城市
86%
千葉県 富里市
86%
宮城県 富谷市
86%
宮城県 登米市
86%
愛知県 豊川市
86%
滋賀県 犬上郡 豊郷町
86%
愛知県 北設楽郡 豊根村
86%
大阪府 豊野郡 豊能町
86%
愛知県 西春日井郡 豊山町
86%
茨城県 取手市
86%
青森県 十和田市
86%
大阪府 富田林市
86%
愛知県 愛知郡 東郷町
71%
山梨県 南都留郡 道志村
71%
千葉県 香取郡 東庄町
71%
北海道 石狩郡 当別町
71%
青森県 上北郡 東北町
71%
北海道 上川郡 当麻町
71%
埼玉県 所沢市
71%
北海道 古宇郡 泊村
71%
北海道 国後郡 泊村
71%
福島県 双葉郡 富岡町
71%
北海道 虻田郡 豊浦町
71%
北海道 中川郡 豊頃町
71%
北海道 天塩郡 豊富町
71%
愛知県 北設楽郡 東栄町
57%
福岡県 朝倉郡 東峰村
57%
高知県 安芸郡 東洋町
57%
鹿児島県 大島郡 徳之島町
57%
愛知県 常滑市
57%
山形県 最上郡 戸沢村
57%
茨城県 北相馬郡 利根町
57%
香川県 小豆郡 土庄町
57%
愛媛県 伊予郡 砥部町
57%
愛知県 豊明市
57%
長野県 下伊那郡 豊丘村
57%
No matching quizzes found
Score Distribution
Percent of People with Each Score
Percentile by Number Answered
Your Score History
You have not taken this quiz since the last reset